Využívanie informačných a komunikačných technológií pri riadení a rozvoji podnikov a inštitúcií

Informačné systémy a informačné technológie, ich rozvoj. Popis technológie GRID computing, business intelligence a service oriented architecture s využitím ktorých má podnik možnosť dosiahnuť cieľ. Potreba schopnosti technológií predvídať zmeny v globálnom podnikateľskom prostredí, rýchlo reagovať n...

Ausführliche Beschreibung

Gespeichert in:
Bibliographische Detailangaben
1. Verfasser: Škurla, Peter
Format: Buchkapitel
Sprache:Slowakisch
Schlagworte:
Tags: Tag hinzufügen
Keine Tags, Fügen Sie das erste Tag hinzu!

MARC

LEADER 00000naa$a2200000$$$4500
001 0066382
005 20240502071804.6
041 0 |a slo 
044 |a SK 
245 1 0 |a Využívanie informačných a komunikačných technológií pri riadení a rozvoji podnikov a inštitúcií  |c Peter Škurla 
520 |a Informačné systémy a informačné technológie, ich rozvoj. Popis technológie GRID computing, business intelligence a service oriented architecture s využitím ktorých má podnik možnosť dosiahnuť cieľ. Potreba schopnosti technológií predvídať zmeny v globálnom podnikateľskom prostredí, rýchlo reagovať na konkurentov, využívanie organizačných aktív pre rast. 
610 2 0 |a technológie informačné 
610 2 0 |a technológie komunikačné 
610 2 0 |a podnik 
610 2 0 |a prostredie podnikateľské 
100 1 |a Škurla, Peter